000 00501nam a22001931a 4500
001 7387
003 OSt
005 20260204212128.0
008 071117s2004||||ag ||||||b||||||||||spa||
020 _a9505072626
050 _a371.3078 B777j
100 _aBrites de Vila, Gladys
245 _aJuegos desde la imaginación / Gladys Brites de Vila y Marina Müller
264 _aArgentina : Bonum
300 _a111 p
650 _aJuegos - Educación
700 _aMüller, MarinaÌ
942 _2ddc
_cBK
999 _c7387
_d7387